书目信息 |
| 题名: |
实用临床中医诊疗方法与研究
|
|
| 作者: | 张海涛 主编 | |
| 分册: | ||
| 出版信息: | 北京 中国纺织出版社有限公司 2019.12 |
|
| 页数: | 175页 | |
| 开本: | 26cm | |
| 丛书名: | ||
| 单 册: | ||
| 中图分类: | R241 , R242 | |
| 科图分类: | ||
| 主题词: | 中医诊断学--zhong yi zhen duan xue , 中医治疗学--zhong yi zhi liao xue | |
| 电子资源: | ||
| ISBN: | 978-7-5180-6939-2 | |
| 000 | 01127nam0 2200265 450 | |
| 001 | CAL 0120202972178 | |
| 005 | 20230217093111.0 | |
| 010 | @a978-7-5180-6939-2@dCNY68.00 | |
| 100 | @a20200812d2019 em y0chiy0120 ea | |
| 101 | 0 | @achi |
| 102 | @aCN@b110000 | |
| 105 | @aa a 000yy | |
| 106 | @ar | |
| 200 | 1 | @a实用临床中医诊疗方法与研究@Ashi yong lin chuang zhong yi zhen liao fang fa yu yan jiu@f主编张海涛等 |
| 210 | @a北京@c中国纺织出版社有限公司@d2019.12 | |
| 215 | @a175页@c图@d26cm | |
| 320 | @a有书目 (第175页) | |
| 330 | @a本书作者为临床一线工作者, 介绍消化系统、肝系疾病、内分泌系统、免疫系统、恶性肿瘤疾病、老年性疾病、妇科疾病、口腔等疾病和中医针灸治疗的诊断方法、诊断标准和成熟的治疗方法, 本书特别加重了针灸的知识, 对各病种有关病因、病机、辨证论治、遣方用药等方面的新发展都尽可能予以反映, 但主要从临床实际出发, 而不是从基础医学角度进行深入的论述。 | |
| 606 | 0 | @a中医诊断学@Azhong yi zhen duan xue |
| 606 | 0 | @a中医治疗学@Azhong yi zhi liao xue |
| 690 | @aR241@v5 | |
| 690 | @aR242@v5 | |
| 701 | 0 | @a张海涛@Azhang hai tao@4主编 |
| 801 | 0 | @aCN@bBJXHZP@c20230228 |
| 905 | @b1395382-5@dR241@e624@f4 | |
| 实用临床中医诊疗方法与研究/主编张海涛等.-北京:中国纺织出版社有限公司,2019.12 |
| 175页:图;26cm |
| ISBN 978-7-5180-6939-2:CNY68.00 |
| 本书作者为临床一线工作者, 介绍消化系统、肝系疾病、内分泌系统、免疫系统、恶性肿瘤疾病、老年性疾病、妇科疾病、口腔等疾病和中医针灸治疗的诊断方法、诊断标准和成熟的治疗方法, 本书特别加重了针灸的知识, 对各病种有关病因、病机、辨证论治、遣方用药等方面的新发展都尽可能予以反映, 但主要从临床实际出发, 而不是从基础医学角度进行深入的论述。 |
| ● |
| 相关链接 |
|
|
|
|
正题名:实用临床中医诊疗方法与研究
索取号:R241/624
 
预约/预借
| 序号 | 登录号 | 条形码 | 馆藏地/架位号 | 状态 | 备注 |
| 1 | 1395382 | 213953827 | 第二样本阅览室/ [索取号:R241/624] | 在馆 | |
| 2 | 1395383 | 213953836 | 第三借阅区/ [索取号:R241/624] | 在馆 | |
| 3 | 1395384 | 213953845 | 第三借阅区/ [索取号:R241/624] | 在馆 | |
| 4 | 1395385 | 213953854 | 第三借阅区/ [索取号:R241/624] | 在馆 |